Sloboda pohybu osôb uplatňovaná v Írsku
Problematika pracovnej mobility v Írsku. Základné pracovno-právne inštitúty. Inštitúcie zabezpečujúce pohyb migrujúcich osôb v Írsku.
Saved in:
| Main Author: | |
|---|---|
| Format: | Book Chapter |
| Language: | Slovak |
| Subjects: | |
| Tags: |
No Tags, Be the first to tag this record!
|
MARC
| LEADER | 00000nla a2200000 4500 | ||
|---|---|---|---|
| 001 | 0246471 | ||
| 005 | 20240417075142.0 | ||
| 041 | 0 | |a slo | |
| 044 | |a SK | ||
| 245 | 1 | 0 | |a Sloboda pohybu osôb uplatňovaná v Írsku |c Peter Bajzík |
| 520 | |a Problematika pracovnej mobility v Írsku. Základné pracovno-právne inštitúty. Inštitúcie zabezpečujúce pohyb migrujúcich osôb v Írsku. | ||
| 610 | 2 | 0 | |a pohyb obyvateľstva |
| 610 | 2 | 0 | |a pohyb síl pracovných medzinárodný |
| 610 | 2 | 0 | |a Írsko |
| 610 | 2 | 0 | |a trh vnútorný |
| 610 | 2 | 0 | |a diskriminácia |
| 610 | 2 | 0 | |a trh práce |
| 100 | 1 | |a Bajzík, Peter | |